000
00318nam a2200121Ia 4500
008
250110s9999 xx 000 0 und d
041
_a
eng
100
_a
Adhav Apoorva A
_9
182879
245
_a
Agritourist Resort
260
_b
BNCA B-Arch ID, Pune
_c
2016
300
_a
75p
700
_a
Guide Name:Sowani Avinash
_9
210556
999
_c
363748
_d
363748